Teatro / (Record no. 5414)
[ view plain ]
| 000 -CABECERA | |
|---|---|
| campo de control de longitud fija | 00833cam a2200253 a 4500 |
| 001 - NÚMERO DE CONTROL | |
| campo de control | 000005615 |
| 003 - IDENTIFICADOR DEL NÚMERO DE CONTROL | |
| campo de control | DO-SdBNP |
| 005 - FECHA Y HORA DE LA ÚLTIMA TRANSACCIÓN | |
| campo de control | 20210928093116.0 |
| 007 - CAMPO FIJO DE DESCRIPCIÓN FÍSICA--INFORMACIÓN GENERAL | |
| campo de control de longitud fija | ta |
| 008 - DATOS DE LONGITUD FIJA--INFORMACIÓN GENERAL | |
| campo de control de longitud fija | 761112s 1949 sp b 001 0 spa |
| 040 ## - FUENTE DE LA CATALOGACIÓN | |
| Centro catalogador/agencia de origen | DO-SdBNP |
| Lengua de catalogación | spa |
| Centro/agencia transcriptor | BNPHU |
| 082 #4 - NÚMERO DE LA CLASIFICACIÓN DECIMAL DEWEY | |
| Número de clasificación | BNPHU 862.3 |
| Número de documento/Ítem | R918t |
| 100 1# - ENTRADA PRINCIPAL--NOMBRE DE PERSONA | |
| Nombre de persona | Rueda, Lope de, |
| Fechas asociadas al nombre | 1510-1565 |
| 9 (RLIN) | 15855 |
| 245 10 - MENCIÓN DE TÍTULO | |
| Título | Teatro / |
| Mención de responsabilidad, etc. | Lope de Rueda ; edición de J. Moreno Villa. |
| 260 ## - PUBLICACIÓN, DISTRIBUCIÓN, ETC. | |
| Lugar de publicación, distribución, etc. | Madrid, España : |
| Nombre del editor, distribuidor, etc. | Espasa-Calpe, |
| Fecha de publicación, distribución, etc. | 1949. |
| 300 ## - DESCRIPCIÓN FÍSICA | |
| Extensión | xxvii, 246 p. ; |
| Dimensiones | 19 cm. |
| 490 1# - MENCIÓN DE SERIE | |
| Mención de serie | Clásicos castellanos |
| Designación de volumen o secuencia | 59 |
| 505 0# - NOTA DE CONTENIDO CON FORMATO | |
| Nota de contenido con formato | Comedia Eufemia -- |
| Información miscelánea | Comedia Armelina -- |
| -- | El deleitoso. |
| 650 14 - PUNTO DE ACCESO ADICIONAL DE MATERIA--TÉRMINO DE MATERIA | |
| Término de materia o nombre geográfico como elemento de entrada | Teatro español |
| Subdivisión cronológica | Siglo XVI |
| 9 (RLIN) | 15856 |
| 650 14 - PUNTO DE ACCESO ADICIONAL DE MATERIA--TÉRMINO DE MATERIA | |
| Término de materia o nombre geográfico como elemento de entrada | Literatura española |
| Subdivisión cronológica | Siglo XVI |
| 9 (RLIN) | 15857 |
| 700 1# - PUNTO DE ACCESO ADICIONAL--NOMBRE DE PERSONA | |
| Nombre de persona | Moreno Villa, J., |
| Fechas asociadas al nombre | 1887-1955, |
| Término indicativo de función/relación | ed. |
| 9 (RLIN) | 15858 |
| 830 #0 - PUNTO DE ACCESO ADICIONAL DE SERIE-TÍTULO UNIFORME | |
| Título uniforme | Clásicos castellanos ; |
| Número de parte o sección de la obra | 59 |
| 9 (RLIN) | 15859 |
| 942 ## - ELEMENTOS DE PUNTO DE ACCESO ADICIONAL (KOHA) | |
| Fuente del sistema de clasificación o colocación | Dewey Decimal Classification |
| Tipo de ítem Koha | Libro |
| Estado de retiro | Estado de pérdida | Fuente del sistema de clasificación o colocación | No para préstamo | Código de colección | Localización permanente | Ubicación/localización actual | Ubicación en estantería | Fecha de adquisición | Número de inventario | Total de préstamos | Signatura topográfica completa | Código de barras | Fecha visto por última vez | Precio válido a partir de | Tipo de ítem Koha | Número de copia |
|---|---|---|---|---|---|---|---|---|---|---|---|---|---|---|---|---|
| Dewey Decimal Classification | Excluido de préstamo | Monografías: Libros y Folletos | Biblioteca Nacional Pedro Henríquez Ureña | Patrimonio Dominicano | Depósito | 20.08.2009 | LF1 | BNPHU PD 862.3 R918t | 5615-10 | 25.06.2020 | 25.06.2020 | Préstamo en sala | ||||
| Dewey Decimal Classification | Préstamo restrigido | Monografías: Libros y Folletos | Biblioteca Nacional Pedro Henríquez Ureña | Patrimonio Dominicano | Depósito | 09.02.2011 | LF1 | BNPHU PD 862.3 R918t | 5615-20 | 25.06.2020 | 25.06.2020 | Préstamo en sala | e. 2 |
